000 00541cam a2200229ua 4500
020 _a0-87055-332-1
041 _aeng
_h
082 _a633.18
_bLUH/RI
100 _aLub, Bor S .
_95919
245 _aRice production & utilization /
_cBor S Lub.
_hTextual Documents
250 _a1 /
_b.
260 _a :
_bAVI Publishing Company ,
_c1980.
300 _a925 ; .
504 _a
650 _aDevelopment
_95920
650 _aGrowth
_95921
650 _aRice culture
_95922
942 _cBK
999 _c22
_d22
003 @
003 OSt